|
|
|
|
| LEADER |
01370ppm a22003498a 4500 |
| 001 |
00031759 |
| 008 |
140212s2013 ||||||viesd |
| 005 |
20171026081025.0 |
| 041 |
0 |
# |
|a vie
|
| 082 |
1 |
4 |
|a 372.21
|b K302TH
|
| 100 |
0 |
# |
|a Lê, Thị Ngọc Giàu
|
| 245 |
1 |
0 |
|a Kích thích hoạt động sáng tạo cho trẻ 5-6 tuổi trong việc làm quen với biểu tượng số lượng
|b Khóa luận tốt nghiệp : Ngành Sư phạm Giáo dục mầm non: Trình độ : Đại học
|c Lê Thị Ngọc Giàu; Phạm Thị Kim Châu (hướng dẫn)
|
| 260 |
# |
# |
|a Đồng Tháp
|b Trường Đại học Đồng Tháp
|c 2013
|
| 300 |
# |
# |
|a 42 tr.
|c 30 cm.
|
| 500 |
# |
# |
|a ĐTTS ghi: Bộ Giáo Dục và Đào tạo. Trường Đại học Đồng Tháp. Khoa Tiểu học- Mầm non
|
| 653 |
# |
# |
|a Biểu tượng
|
| 653 |
# |
# |
|a Kích thích
|
| 653 |
# |
# |
|a Trẻ mẫu giáo
|
| 653 |
# |
# |
|a Số lượng
|
| 653 |
# |
# |
|a Sáng tạo
|
| 653 |
# |
# |
|a Làm quen
|
| 700 |
1 |
# |
|a Phạm, Thị Kim Châu
|e hướng dẫn
|
| 852 |
# |
# |
|j KD.0015293
|
| 852 |
# |
# |
|b Kho đọc
|j KD.0015293
|
| 910 |
# |
# |
|d 12/02/2014
|
| 980 |
# |
# |
|a Trung tâm Học liệu Lê Vũ Hùng, Trường Đại học Đồng Tháp
|